| 000 | 00381nam a22001337a 4500 | ||
|---|---|---|---|
| 020 | _qPB. | ||
| 040 | _cFizza Ishaq | ||
| 082 |
_a917.5256 _bELI |
||
| 100 |
_aAnderson, B. Elizabeth. _9134061 |
||
| 245 |
_aAnnapolis: A Walk Through History / _cElizabeth B. Anderson. |
||
| 260 |
_aNew York : _bTidewater Pub, _c1984. |
||
| 300 |
_a151 p, ; _c6 x 0.5 x 7.75 inches |
||
| 942 |
_2ddc _cBK |
||
| 999 |
_c616990 _d616990 |
||